00239nam a2200097Ia 4500008004100000041000800041100001600049245005900065260000900124300000800133240521s1999 xx 000 0 und d aeng aPARKER S.A. aPERSONAL LETTERS FOR ALL OCCASIONS WHAT SHALL I WRITE? c1999 a100